000 00572nam a2200241 a 4500
001 nice12345678
003 IN_TiNIC
005 20260116011442.0
008 050524s0000 lona grp 000 0 eng
020 _a
_c100
082 0 0 _a297
_bKAM
100 _aKamal, Ud-Din
245 _aAl-Islam
260 _aLondon
_bUNWIN Brothers Limited
_c0000
300 _a50p
500 _aincludes index and biblioraphy
505 2 _aacc no 1649 is archives
650 _aIslam-Meccan Trade
700 1 _aKamal, Ud-Din
902 _bSRS
942 _cBK
999 _c1670
_d1670